| 000 | 02039nam1a2200313 i 4500 | ||
|---|---|---|---|
| 001 | RU\NLR\bibl\93597 | ||
| 005 | 20260407085340.0 | ||
| 035 | _a(NLR Aleph) 000091464 | ||
| 090 |
_a513302 _c513302 |
||
| 100 | _a20000621g19 9999k y0rusy50 ca | ||
| 101 | 0 |
_arus _aeng _deng |
|
| 102 | _aRU | ||
| 105 | _a||||z ||||| | ||
| 200 | 1 |
_aМеждународное сотрудничество в области подготовки социальных работников: вопросы теории и практики _dInternational cooperation in education of social workers: theory and practice _eТез. и материалы Междунар. симп., Волгоград, 30 нояб. - 1 дек. 1998 г. _f[Редкол.: Н.С. Сергеев, д.п.н., проф.(гл. ред.) и др.] _zeng |
|
| 210 |
_aВолгоград _cПеремена _d1999 |
||
| 215 | _d20 | ||
| 300 | _aВ надзаг.: Волгоград. гос. пед. ун-т (Россия), Ун-т проф. образования г. Арнема-г. Наймегена (Нидерланды) | ||
| 463 | 0 | _100190624 | |
| 510 | 1 |
_aInternational cooperation in education of social workers: theory and practice _zeng |
|
| 606 | 0 |
_aСоциальная работа _jСъезды, совещания и т.п. _xКадры _xПодготовка _92072660 _3RU\NLR\auth\661247505 |
|
| 686 | _aС550.473я431 | ||
| 702 | 1 |
_4340 _7ca _8rus _aСергеев _bН. К. _cд-р пед. наук _gНиколай Константинович _9115671 _3RU\NLR\auth\775712 |
|
| 712 | 0 | 2 |
_4570 _aВолгоградский государственный педагогический университет _9299568 _3RU\NLR\AUTH\8813276 |
| 712 | 0 | 2 |
_4570 _aУниверситет профессионального образования _cАрнем/Наймеген _9537294 _3RU\NLR\AUTH\8810019682 |
| 801 | 0 |
_aRU _bNLR _c20000621 _gPSBO |
|
| 801 | 1 |
_aRU _bNLR _c20000621 |
|
| 852 |
_aNLR _j2000-3/4697 |
||
| 942 | _cBOOK | ||